La dama meona
Сохранить в:
| Главный автор: | |
|---|---|
| Формат: | |
| Язык: | испанский |
| Опубликовано: |
Guayaquil
ESPOL impresor
1990
|
| Серии: | Teatro, 3
|
| Предметы: | |
| Метки: |
Добавить метку
Нет меток, Требуется 1-ая метка записи!
|
MARC
| LEADER | 00000nam a2200000 a 4500 | ||
|---|---|---|---|
| 001 | UCX2681 | ||
| 003 | CL-VaPUC | ||
| 008 | 910722e19900000EC |||||||||||||||||spa|d | ||
| 082 | 0 | 4 | |a Ec862 |b MAR |2 21 |
| 100 | |a Martínez Queirolo, José |e autor |9 318731 | ||
| 245 | 1 | 3 | |a La dama meona |
| 246 | 1 | 4 | |a Los naufragos |
| 246 | 1 | 0 | |a Ha llegado un exorcista |
| 300 | |a 194 p | ||
| 942 | |c BK | ||
| 945 | |d 19910722 00:00:00 | ||
| 260 | |a Guayaquil |b ESPOL impresor |c 1990 | ||
| 650 | 7 | |a TEATRO ECUATORIANO |2 CL-VaPUC |9 318729 | |
| 650 | 7 | |a DRAMA ECUATORIANO |2 CL-VaPUC |9 318730 | |
| 583 | |a last modification |c 19910722 00:00:00 |k Rodrigo Vera | ||
| 490 | 0 | |a Teatro, 3 | |
| 999 | |c 223649 |d 223647 | ||
| 952 | |0 0 |1 0 |4 0 |6 EC_862_000000000000000_MAR_1990 |7 0 |8 A |9 219662 |a BIBEDU |b BIBEDU |d 2019-11-15 |i 2883503 |o Ec862 MAR 1990 |p 2883503 |r 2019-11-15 |w 2019-11-15 |y BK |k LIT | ||